000 00631nam a2200241Ia 4500
001 13511
005 20240113235450.0
007 ta
008 051111s1996 a g b000 u 465 u
040 _aCotton College,Assam
041 _a465
082 _a580
_bRe 247 Un
100 _aReddy, S.M. .
245 0 _aUniversity Botany-1 /
_cS.M. Reddy.
_hTextual Documents
250 _a1st ed. /
260 _aNew Delhi :
_bNew Age International ( P ) Limited ,
_cC1996.
300 _a420p. :
_bill ;
_c24cm .
653 _aBotany
653 _aG-Botany
942 _2ddc
_cBK
999 _c13497
_d13497